|
|
|
|
| LEADER |
00000nam a2200000 a 4500 |
| 001 |
UCG7191 |
| 003 |
CL-VaPUC |
| 008 |
110624e20050000GW |||||||||||||||||spa|d |
| 020 |
|
|
|a 9783822858417
|
| 082 |
0 |
4 |
|a 750
|b BEC
|2 21
|
| 100 |
0 |
|
|a Becks-Malorny, Ulrike
|e author
|9 557828
|
| 245 |
1 |
0 |
|a Paul Cézanne: 1839-1906, precursor de la modernidad
|
| 300 |
|
|
|a 96 p
|
| 942 |
|
|
|c BK
|
| 945 |
|
|
|d 20110624 00:00:00
|a dcastane
|
| 260 |
|
|
|a Colonia
|b Taschen
|c 2005
|
| 600 |
0 |
7 |
|a CEZANNE, PAUL
|2 CL-VaPUC
|9 267026
|
| 650 |
|
0 |
|a Pintura
|9 265046
|
| 650 |
|
0 |
|a Pintura francesa
|9 266122
|
| 650 |
|
0 |
|a Pintores franceses
|9 340354
|
| 650 |
|
0 |
|a Postimpresionismo
|9 407295
|
| 583 |
|
|
|a last modification
|c 20130426 02:55:34
|k Rodrigo Vera
|
| 999 |
|
|
|c 345255
|d 345253
|
| 952 |
|
|
|0 0
|1 0
|4 0
|6 750_000000000000000_BEC_2005
|7 0
|8 C
|9 443737
|a BIBCUR
|b BIBCUR
|d 2019-11-22
|i 4785819
|o 750 BEC 2005
|p 4785819
|r 2025-04-22
|w 2019-11-22
|y BK
|k CAC
|